| 000 | 00747cam a22002415a 4500 | ||
|---|---|---|---|
| 001 | 3977755 | ||
| 005 | 20201128024235.0 | ||
| 008 | 950214t1996 nyua frb 001 0 eng d | ||
| 020 | _a0071142037 | ||
| 020 | _a9780071142038 | ||
| 040 |
_aDLC _cDLC _dDLC _dEG-ScBUE _beng |
||
| 082 | 0 | 4 |
_a150 _222 _bFEL |
| 100 | 1 |
_aFeldman, Robert S. _q(Robert Stephen), _d1947- _91222 |
|
| 245 | 1 | 0 |
_aUnderstanding psychology / _cRobert S. Feldman. |
| 250 | _a4th ed. | ||
| 260 |
_aNew York : _bMcGraw-Hill, _cc.1996. |
||
| 300 |
_axxx, 754 p. : _bill. (some col.) ; _c29 cm. |
||
| 504 | _aIncludes bibliographical references and indexes. | ||
| 650 | 7 |
_aPsychology _vTextbooks. _2BUEsh _9882 |
|
| 651 | _2BUEsh | ||
| 653 |
_bHHUUPPSS _cFebruary2018 |
||
| 942 | _2ddc | ||
| 999 |
_c26093 _d26065 |
||